[Event "USA-ch16 prel 02 corr0204"]
[Site "USA"]
[Date "2002.09.03"]
[Round "?"]
[White "Ciamarra, Michael A"]
[Black "Duliba, Edward"]
[Result "0-1"]
[WhiteElo "1981"]
[BlackElo "2545"]
[PlyCount "28"]
[EventDate "2002.??.??"]
[EventType "tourn (corr)"]
[EventRounds "6"]
[EventCountry "USA"]
[SourceTitle "Corr 2006"]
[Source "ChessBase"]
[SourceDate "2006.04.01"]
[SourceVersion "3"]
[SourceVersionDate "2006.04.01"]
[SourceQuality "1"]

1. d4 Nf6 2. c4 e6 3. Nf3 b6 4. g3 Ba6 5. b3 Bb4+ 6. Bd2 Be7 7. Bg2 c6 8. Bc3 d5 9. Ne5 Nfd7 10. Nxd7 Nxd7 11. Nd2 0-0 12. 0-0 Rc8 13. e4 b5 14. Re1 dxc4 0-1

[Event "IECC TH-M email"]
[Site "IECC email"]
[Date "1999.08.24"]
[Round "?"]
[White "Ciamarra, Michael A"]
[Black "Laureles, Raymundo"]
[Result "1-0"]
[WhiteElo "2043"]
[BlackElo "1744"]
[PlyCount "129"]
[EventDate "1999.??.??"]
[EventType "match (corr)"]
[EventRounds "2"]
[SourceTitle "Corr 2008"]
[Source "ChessBase"]
[SourceDate "2008.06.24"]
[SourceVersion "1"]
[SourceVersionDate "2008.06.24"]
[SourceQuality "1"]

1. d4 Nf6 2. c4 e5 3. dxe5 Ne4 4. a3 Qh4 5. g3 Qh5 6. Bg2 Qf5 7. Be3 Nc6 8. Qd3 Nxg3 9. hxg3 Qxe5 10. Qe4 d6 11. Qxe5+ dxe5 12. Bxc6+ bxc6 13. Nd2 Be6 14. Ngf3 f6 15. 0-0 a5 16. b4 axb4 17. axb4 Rb8 18. Rfb1 Kd7 19. b5 cxb5 20. cxb5 Bf5 21. Rb2 Kc8 22. Ra7 Rb7 23. b6 cxb6 24. Rxb7 Kxb7 25. Rxb6+ Kc7 26. Ra6 h5 27. Nc4 Bg4 28. Ra7+ Kc6 29. Ncd2 Kd5 30. Ra8 g5 31. Kg2 h4 32. Rd8+ Ke6 33. Bc5 h3+ 34. Kh2 Bg7 35. Rxh8 Bxh8 36. e4 Bg7 37. Ng1 Bd1 38. Kxh3 g4+ 39. Kg2 Bh6 40. Nf1 Ba4 41. Nh2 f5 42. exf5+ Kxf5 43. Kf1 e4 44. Ke1 Bg7 45. Ne2 Bd7 46. Nf1 Kg6 47. Ne3 Kg5 48. Kd2 Bh6 49. Nc3 Bc6 50. Kc2 Bg7 51. Ned5 Bxc3 52. Nxc3 Kf6 53. Bd6 Kf5 54. Kd2 Ke6 55. Bf4 Kf5 56. Ke3 Bb7 57. Kd4 Bc6 58. Nd5 Bd7 59. Ne3+ Kg6 60. Kxe4 Bc6+ 61. Ke5 Bf3 62. Nf5 Kf7 63. Nh4 Bd1 64. Kf5 Be2 65. Ng2 1-0

[Event "IECC TH-M email"]
[Site "IECC email"]
[Date "1999.08.24"]
[Round "?"]
[White "Laureles, Raymundo"]
[Black "Ciamarra, Michael A"]
[Result "0-1"]
[WhiteElo "1750"]
[BlackElo "2037"]
[PlyCount "60"]
[EventDate "1999.??.??"]
[EventType "match (corr)"]
[EventRounds "2"]
[SourceTitle "Corr 2008"]
[Source "ChessBase"]
[SourceDate "2008.06.24"]
[SourceVersion "1"]
[SourceVersionDate "2008.06.24"]
[SourceQuality "1"]

1. d4 Nf6 2. c4 e5 3. dxe5 Ng4 4. e4 Nxe5 5. f4 Nec6 6. Be3 Bb4+ 7. Nc3 Bxc3+ 8. bxc3 Qe7 9. Bd3 Na6 10. Ne2 Nc5 11. Ng3 g6 12. 0-0 b6 13. Bd4 Rg8 14. e5 Bb7 15. Ne4 Nxe4 16. Bxe4 0-0-0 17. Rb1 Kb8 18. Bxc6 dxc6 19. c5 Qe6 20. Qe2 Rd7 21. a4 Rgd8 22. a5 b5 23. Rb4 Rd5 24. Be3 Qf5 25. c4 Rd3 26. cxb5 cxb5 27. Rxb5 Qe4 28. Rfb1 Rd1+ 29. Rxd1 Rxd1+ 30. Qxd1 Qxg2# 0-1

[Event "IECC TH-M email"]
[Site "IECC email"]
[Date "1999.08.24"]
[Round "?"]
[White "Perz, Martial"]
[Black "Ciamarra, Michael A"]
[Result "1/2-1/2"]
[WhiteElo "1732"]
[BlackElo "2048"]
[PlyCount "34"]
[EventDate "1999.??.??"]
[EventType "match (corr)"]
[EventRounds "2"]
[SourceTitle "Corr 2008"]
[Source "ChessBase"]
[SourceDate "2008.06.24"]
[SourceVersion "1"]
[SourceVersionDate "2008.06.24"]
[SourceQuality "1"]

1. e4 e5 2. d4 exd4 3. c3 Qe7 4. Qxd4 d5 5. Bd3 dxe4 6. Qxe4 Qxe4+ 7. Bxe4 Nf6 8. Bc2 Bd6 9. Nf3 0-0 10. 0-0 Nc6 11. Bg5 Be6 12. Nbd2 Nd5 13. Ne4 Bf4 14. Rfd1 h6 15. Bb3 hxg5 16. Bxd5 Bg4 17. Nc5 Nd8 1/2-1/2